00423pab a2200157 454500008004000000100002200040245005400062260000900116300000800125362001000133650003000143650002200173650003200195650002400227773001400251180718b2001 xxu||||| |||| 00| 0 eng d aMukherjee, Tushar aElementary ideas: methods of non-formal education c2001 ap.8 a1 Jan aPrimary education - India aEducation - India aNonformal education - India aNonformal education aStatesman